00481nam a2200169Ia 4500008004100000100002500041245003400066245002500100260002400125260000900149300001000158500000900168650002300177650002000200999001900220952007200239170224s9999 xx 000 0 und d aNicholas W Jankowski aHandbook of digital politics  cNicholas W Jankowski bNew Media & Society c2016 a18:10 a2016 xCommunication Arts xMultimedia Arts c316214d316214 001040aCLbCLd2017-02-24l0r2017-02-24 00:00:00w2017-02-24ySE